<?xml version="1.0" encoding="UTF-8"?><collection xmlns="info:lc/xmlns/marcxchange-v2"><record format="Unimarc" type="bibliographic"><leader>00837cam  2200277   450 </leader><controlfield tag="001">1708280</controlfield><controlfield tag="003">http://id.bnportugal.gov.pt/bib/porbase/1708280</controlfield><controlfield tag="005">20030629081500.0</controlfield><datafield ind1=" " ind2=" " tag="010"><subfield code="a">0-7506-2768-9</subfield></datafield><datafield ind1=" " ind2=" " tag="035"><subfield code="9">77332</subfield></datafield><datafield ind1=" " ind2=" " tag="095"><subfield code="a">PTBN00988578</subfield></datafield><datafield ind1=" " ind2=" " tag="100"><subfield code="a">19960913d1995    k  y0pory0103    ba</subfield></datafield><datafield ind1="0" ind2=" " tag="101"><subfield code="a">eng</subfield></datafield><datafield ind1=" " ind2=" " tag="102"><subfield code="a">GB</subfield></datafield><datafield ind1="1" ind2=" " tag="200"><subfield code="a">&lt;The &gt;classical theory of fields</subfield><subfield code="f">L. D. Landau, E. M. Lifshitz</subfield></datafield><datafield ind1=" " ind2=" " tag="205"><subfield code="a">4th rev english ed.</subfield></datafield><datafield ind1=" " ind2=" " tag="210"><subfield code="a">Exeter</subfield><subfield code="c">Butterworth Heinemann</subfield><subfield code="d">1995</subfield></datafield><datafield ind1=" " ind2=" " tag="215"><subfield code="a">XIII, 402 p</subfield></datafield><datafield ind1="2" ind2=" " tag="225"><subfield code="a">Course of theoretical Physics</subfield><subfield code="v">2</subfield></datafield><datafield ind1=" " ind2=" " tag="300"><subfield code="a">Repr. com correcçöes</subfield></datafield><datafield ind1=" " ind2=" " tag="675"><subfield code="a">530.12</subfield><subfield code="v">BN</subfield><subfield code="z">por</subfield><subfield code="3">294432</subfield></datafield><datafield ind1=" " ind2=" " tag="675"><subfield code="a">530.145</subfield><subfield code="3">333919</subfield></datafield><datafield ind1=" " ind2=" " tag="675"><subfield code="a">538.3</subfield><subfield code="v">2ª média</subfield><subfield code="z">por</subfield><subfield code="3">1383280</subfield></datafield><datafield ind1=" " ind2="1" tag="700"><subfield code="a">Landau</subfield><subfield code="b">L.</subfield><subfield code="f">1908-1968</subfield><subfield code="3">60741</subfield></datafield><datafield ind1=" " ind2="1" tag="701"><subfield code="a">Lifshitz</subfield><subfield code="b">Evgeni Mikhailovich</subfield><subfield code="f">1915-1985</subfield><subfield code="4">070</subfield><subfield code="3">188472</subfield></datafield><datafield ind1=" " ind2="0" tag="801"><subfield code="a">PT</subfield><subfield code="b">BN</subfield><subfield code="g">RPC</subfield></datafield><datafield ind1=" " ind2=" " tag="977"><subfield code="1">538.3 LAN</subfield><subfield code="2">coop</subfield><subfield code="4">UCDF</subfield><subfield code="6">efalt281498</subfield><subfield code="7">bc</subfield><subfield code="8">coop</subfield><subfield code="9">UCDF</subfield><subfield code="b">77003</subfield><subfield code="k">0</subfield></datafield><datafield ind1=" " ind2=" " tag="998"><subfield code="a">CDF22-86</subfield></datafield></record></collection>